Amateur theatre
Saved in:
| Hovedforfatter: | |
|---|---|
| Format: | Bog |
| Sprog: | engelsk |
| Udgivet: |
Hodder Education
2007
|
| Tags: |
Tilføj Tag
Ingen Tags, Vær først til at tagge denne postø!
|
MARC
| LEADER | 00000nam a22000007a 4500 | ||
|---|---|---|---|
| 008 | 211028b ||||| |||| 00| 0 eng d | ||
| 020 | |a 9780340938768 | ||
| 100 | |a GIBBS, Nicholas | ||
| 245 | |a Amateur theatre |c Nicholas Gibbs |g X, 207p. | ||
| 260 | |b Hodder Education |c 2007 |h London |i 661976 |i 663621 |l PN 3175 .G35 |m Theatre |m Theatre -- History |m Theatre -- Great Britain | ||
| 500 | |a It includes index | ||
| 942 | |a lcc |c BK |e Adeyeye Y. S. |f 28/10/21 | ||
| 952 | |0 0 |1 0 |2 lcc |4 0 |6 PN3175 G35 |7 0 |9 3752 |a HOL |b HOL |c LP |d 2021-10-28 |l 0 |o PN 3175 .G35 |p 2021-67485 |r 2021-10-28 00:00:00 |w 2021-10-28 |y BK | ||
| 952 | |0 0 |1 0 |2 lcc |4 0 |6 PN3175 G35 |7 0 |9 3753 |a HOL |b ED |c LP |d 2021-10-28 |l 0 |o PN 3175 .G35 |p 2021-67486 |r 2021-10-28 00:00:00 |w 2021-10-28 |y BK | ||
| 999 | |c 1868 |d 1868 | ||